| 000 -LEADER | |
|---|---|
| fixed length control field | 00482nam a22001697a 4500 |
| 005 - DATE AND TIME OF LATEST TRANSACTION | |
| control field | 20240109160728.0 |
| 008 - FIXED-LENGTH DATA ELEMENTS--GENERAL INFORMATION | |
| fixed length control field | 190603b xxu||||| |||| 00| 0 eng d |
| 020 ## - INTERNATIONAL STANDARD BOOK NUMBER | |
| ISBN | 978-93-82448-84-6 |
| 041 ## - LANGUAGE CODE | |
| Language code of text/sound track or separate title | eng |
| 082 ## - DEWEY DECIMAL CLASSIFICATION NUMBER | |
| Classification number | 615.103 |
| Item number | GUP-P |
| 100 ## - MAIN ENTRY--AUTHOR NAME | |
| Personal name | GUPTA, MRS.SUNITA. C, MISHRA ,MRS.SEEMA.,AND JOSHI,VIKASH D. |
| 245 ## - TITLE STATEMENT | |
| Title | PRAGATI PHARMACY DICTIONARY, (ENGLISH-ENGLISH) |
| 260 ## - PUBLICATION, DISTRIBUTION, ETC. (IMPRINT) | |
| Place of publication | PUNE |
| Name of publisher | NIRALI PRAKASHAN |
| 300 ## - PHYSICAL DESCRIPTION | |
| Number of Pages | 390p, |
| 650 ## - SUBJECT ADDED ENTRY--TOPICAL TERM | |
| Topical Term | PHARMACY |
| General subdivision | B.PHARMA |
| 942 ## - ADDED ENTRY ELEMENTS (KOHA) | |
| Koha item type | Books |
| Lost status | Damaged status | Collection code | Home library | Current library | Shelving location | Date acquired | Source of acquisition | Cost, normal purchase price | Full call number | Accession Number | Koha item type |
|---|---|---|---|---|---|---|---|---|---|---|---|
| Reference | JRU Library | JRU Library | SHELF-5-D | 03/06/2019 | PURCHESS | 150.00 | 615.103 | 22895 | Books | ||
| PHARMACY | JRU Library | JRU Library | SHELF-3-C | 26/02/2022 | PURCHASE | 200.00 | 615.103 | 26737 | Books | ||
| PHARMACY | JRU Library | JRU Library | SHELF-3-C | 26/02/2022 | PURCHASE | 200.00 | 615.103 | 26738 | Books | ||
| Reference | JRU Library | JRU Library | SHELF-3-C | 26/02/2022 | PURCHASE | 200.00 | 615.103 | 26739 | Books |